Faktory redukující výnosovou úroveň chmelových porostů

Bibliographic Details
Main Authors: Rybáček, Václav (Author), Fric, Václav, 1929- (Author), Šnobl, Josef (Author)
Format: Article
Language:Czech
PhysicalDescription:Tb. 2. Graf 1. Res. rus., angl.
Subjects:

MARC

LEADER 00000nab a2200000 a 4500
001 vtls000242425
003 SK-MaSNL
005 20260304024640.0
008 160201c1985 xo 0 cze
015 |a SNBRA19rr/mm-uuuuu 
035 |a CL0252539 
040 |a SNKBUCL  |b slo  |c SNKBUCL  |e AACR2 
041 0 |a cze 
044 |a xo  |c SK 
080 |a 633.791:581.145.2  |2 1981 
080 |a 581.145.2  |2 1981 
100 1 |a Rybáček, Václav  |4 aut  |9 589793 
245 1 0 |a Faktory redukující výnosovou úroveň chmelových porostů  |c Václav Rybáček, Václav Fric, Josef Šnobl 
300 |b Tb. 2. Graf 1. Res. rus., angl. 
650 0 7 |a chmeľ  |2 snkbucl  |9 16717 
655 7 |a články zo zborníkov  |2 snkbucl  |9 166140 
700 1 |a Fric, Václav,  |d 1929-  |4 aut  |9 132772 
700 1 |a Šnobl, Josef  |4 aut  |9 766575 
773 0 |t Agrobiologické aspekty racionalizácie rastlinnej výroby 2  |d Nitra : ES VŠP, 1985  |g S. 554-563 
850 |a Slovenská národná knižnica v Martine  |a MTA001 
852 |a SNK  |b KIS3GCP 
958 |a RK 
958 |a CZ 
992 |a RZB 
999 |c 2622930  |d 2624860